Statistics for Minecraft Mobs by Picture #3

Click here to take the quiz!

General Stats

  • This quiz has been taken 47 times
  • The average score is 18 of 20

Answer Stats

Answer% Correct
Dolphin
100%
Panda
100%
Rabbit
100%
Skeleton
100%
Spider
100%
Witch
100%
Zombie
100%
Camel
95%
Piglin
95%
Donkey
92%
Pillager
90%
Silverfish
90%
Ocelot
87%
Glow Squid
85%
Tropical Fish
82%
Sniffer
79%
Wandering Trader
79%
Husk
74%
Evoker
69%
Vex
62%

Score Distribution

Percentile by Number Answered

Percent of People with Each Score

Your Score History

You have not taken this quiz